"What if" Analyses in Investment Decision Making
Uložené v:
| Hlavný autor: | |
|---|---|
| Médium: | Kapitola |
| Jazyk: | English |
| Predmet: | |
| Tagy: |
Žiadne tagy, Buďte prvý, kto otaguje tento záznam!
|
MARC
| LEADER | 00000naa a2200000 4500 | ||
|---|---|---|---|
| 001 | 0163421 | ||
| 005 | 20240502083402.0 | ||
| 041 | 0 | |a eng | |
| 044 | |a CZ | ||
| 245 | 1 | 0 | |a "What if" Analyses in Investment Decision Making |c Katarína Belanová |
| 610 | 2 | 0 | |a investície finančné |
| 610 | 2 | 0 | |a rozhodovanie investičné |
| 610 | 2 | 0 | |a riziko |
| 610 | 2 | 0 | |a analýzy |
| 610 | 2 | 0 | |a cash flow |
| 100 | 1 | |a Belanová, Katarína, 1978- | |